[Event "Aktobe Dvorkovich op-A"]
[Site "Aktobe"]
[Date "2025.06.27"]
[Round "6"]
[White "Naiditsch, Arkadij"]
[Black "Valiyev, Shahin"]
[Result "1-0"]
[WhiteElo "2629"]
[BlackElo "2421"]
[PlyCount "77"]
[EventDate "2025.06.22"]
[EventType "swiss"]
[EventRounds "9"]
[EventCountry "KAZ"]
[SourceTitle "CB27_2025"]
[SourceDate "2025.07.02"]
[SourceVersion "1"]
[SourceVersionDate "2025.07.02"]
[SourceQuality "1"]

1. e4 c5 2. Nc3 d6 3. f4 g6 4. Nf3 Bg7 5. Bc4 Nc6 6. 0-0 e6 7. d3 Nge7 8. Qe1 0-0 9. Bb3 Na5 10. Ne2 b5 11. c3 Nxb3 12. axb3 Bb7 13. Qh4 Qd7 14. Be3 a6 15. Rad1 Rae8 16. d4 Nf5 17. exf5 exf5 18. Qf2 Qe7 19. Ne5 dxe5 20. dxe5 Rc8 21. Rd6 Qc7 22. Rfd1 Rfe8 23. R1d2 Bf8 24. Rd7 Qc6 25. c4 Rc7 26. Rxc7 Qxc7 27. Nc3 Qa5 28. h3 Qb4 29. Nd5 Bxd5 30. cxd5 Qxb3 31. d6 Qe6 32. Bxc5 Qd7 33. Rc2 Rc8 34. Bb6 Rc6 35. Rxc6 Qxc6 36. Qc5 Qe4 37. Qd4 Qxd4+ 38. Bxd4 f6 39. d7 1-0

[Event "Kuwait Rapid op 3rd"]
[Site "Kuwait City"]
[Date "2025.05.02"]
[Round "4"]
[White "Begmuratov, Khumoyun"]
[Black "Naiditsch, Arkadij"]
[Result "1-0"]
[WhiteElo "2461"]
[BlackElo "2629"]
[PlyCount "75"]
[EventDate "2025.05.02"]
[EventType "swiss (rapid)"]
[EventRounds "9"]
[EventCountry "KUW"]
[SourceTitle "CB19_2025"]
[SourceDate "2025.05.07"]
[SourceVersion "1"]
[SourceVersionDate "2025.05.07"]
[SourceQuality "1"]

1. e4 c5 2. Nf3 d6 3. Bb5+ Nc6 4. c3 Nf6 5. Qe2 Bd7 6. 0-0 a6 7. Ba4 e5 8. d3 Be7 9. Nbd2 0-0 10. Re1 b5 11. Bb3 h6 12. a3 Re8 13. Nf1 Bf8 14. Ne3 Na5 15. Ba2 Be6 16. b4 Nb3 17. Rb1 Nxc1 18. Rexc1 Rc8 19. Bxe6 Rxe6 20. Qa2 Re7 21. a4 Rec7 22. bxc5 Rxc5 23. axb5 axb5 24. c4 g6 25. Rc2 Ra8 26. Qb3 bxc4 27. Rxc4 Rca5 28. Rc3 h5 29. g3 Bh6 30. Nc4 R5a6 31. Qb5 Kg7 32. Nb6 Ra5 33. Qb4 R8a6 34. Rc8 Qe7 35. Nc4 Ra4 36. Qb7 Qe6 37. Rc7 Ra2 38. Re7 1-0

[Event "Qatar Masters op-A"]
[Site "Doha"]
[Date "2024.12.10"]
[Round "7"]
[White "Fawzy, Adham"]
[Black "Naiditsch, Arkadij"]
[Result "1-0"]
[WhiteElo "2493"]
[BlackElo "2636"]
[PlyCount "79"]
[EventDate "2024.12.03"]
[EventType "swiss"]
[EventRounds "9"]
[EventCountry "QAT"]
[SourceTitle "CB51_2024"]
[SourceDate "2024.12.18"]
[SourceVersion "1"]
[SourceVersionDate "2024.12.18"]
[SourceQuality "1"]

1. e4 e5 2. Nf3 Nc6 3. Nc3 Nf6 4. Bb5 Bd6 5. d3 0-0 6. a3 Nd4 7. Nxd4 exd4 8. Ne2 c6 9. Bc4 Bc7 10. 0-0 Re8 11. Bf4 d5 12. exd5 cxd5 13. Bb3 Bb6 14. Ng3 Bg4 15. Qc1 h6 16. Re1 g5 17. Rxe8+ Nxe8 18. Bd2 Ng7 19. f4 f6 20. Qf1 Kh7 21. Re1 Qd7 22. fxg5 fxg5 23. Bb4 Re8 24. Rxe8 Nxe8 25. Qf8 Ng7 26. Be7 Be6 27. Bc5 Qc7 28. Bxb6 Qxb6 29. Qf6 Qc5 30. Ne2 Qa5 31. Kf2 Bg4 32. Qxd4 Bxe2 33. Kxe2 Ne6 34. Qe3 Nf4+ 35. Kf1 Qd8 36. g3 Ng6 37. Qxa7 Qd7 38. Qd4 Qh3+ 39. Kg1 Nf4 40. gxf4 1-0

[Event "ESP-chT CECLUB Div1"]
[Site "Linares"]
[Date "2024.08.18"]
[Round "1.14"]
[White "Naiditsch, Arkadij"]
[Black "Ayats Llobera, Gerard"]
[Result "1-0"]
[WhiteElo "2643"]
[BlackElo "2457"]
[PlyCount "93"]
[EventDate "2024.08.18"]
[EventType "team-tourn"]
[EventRounds "7"]
[EventCountry "ESP"]
[SourceTitle "CBM 221 Extra"]
[Source "ChessBase"]
[SourceDate "2024.09.30"]
[SourceVersion "1"]
[SourceVersionDate "2024.09.30"]
[SourceQuality "1"]
[WhiteTeam "Taldea Gros Xake"]
[BlackTeam "Barcelona CE"]
[WhiteTeamCountry "ESP"]
[BlackTeamCountry "ESP"]

1. e4 d5 2. exd5 Qxd5 3. Nc3 Qd6 4. d4 Nf6 5. Nb5 Qd8 6. c4 c6 7. Nc3 Bf5 8. Be2 Nbd7 9. Nf3 e6 10. 0-0 Bd6 11. d5 cxd5 12. cxd5 e5 13. Nh4 Bg6 14. Bg5 0-0 15. Nxg6 hxg6 16. Ne4 Qb6 17. Nxd6 Qxd6 18. Qa4 Nb6 19. Qh4 Nbxd5 20. Rfd1 Qb4 21. Bc4 Nf4 22. b3 Qb6 23. g3 N4h5 24. g4 Nf4 25. Bxf4 exf4 26. Rd3 g5 27. Qxg5 Qxf2+ 28. Kxf2 Ne4+ 29. Kf3 Nxg5+ 30. Kxf4 Ne6+ 31. Kg3 Rad8 32. Rad1 Rxd3+ 33. Rxd3 Rd8 34. Rxd8+ Nxd8 35. Kf4 Kf8 36. Bd5 Ke7 37. h4 Ne6+ 38. Kf5 Nd4+ 39. Ke5 Nb5 40. Bxb7 f6+ 41. Kf4 Nc3 42. a4 a5 43. Kf5 Ne2 44. h5 Nc3 45. Kg6 Kf8 46. h6 gxh6 47. Kxf6 1-0

[Event "FRA-chT Top 16 GpB"]
[Site "Chartres"]
[Date "2024.05.31"]
[Round "2.1"]
[White "Naiditsch, Arkadij"]
[Black "Narayanan, Sunilduth Lyna"]
[Result "1/2-1/2"]
[WhiteElo "2661"]
[BlackElo "2695"]
[PlyCount "94"]
[EventDate "2024.05.30"]
[EventType "team-tourn"]
[EventRounds "7"]
[EventCountry "FRA"]
[SourceTitle "CBM 220 Extra"]
[Source "ChessBase"]
[SourceDate "2024.07.31"]
[SourceVersion "1"]
[SourceVersionDate "2024.07.31"]
[SourceQuality "1"]
[WhiteTeam "Bischwiller"]
[BlackTeam "Mulhouse Philidor"]
[WhiteTeamCountry "FRA"]
[BlackTeamCountry "FRA"]

1. e4 e5 2. Nf3 Nc6 3. Nc3 Nf6 4. Bb5 Nd4 5. Bc4 Bc5 6. d3 c6 7. Nxd4 Bxd4 8. 0-0 0-0 9. Bb3 h6 10. Be3 a5 11. a4 Bxe3 12. fxe3 d6 13. d4 Qe7 14. Qd3 Bg4 15. Rae1 Rae8 16. Qd2 Bh5 17. Bc4 Bg6 18. Bd3 h5 19. b3 h4 20. Qf2 Ng4 21. Qd2 Qg5 22. d5 Nf6 23. Rf2 Rc8 24. Ref1 Rc7 25. Rf3 Rfc8 26. dxc6 bxc6 27. Qe1 d5 28. Rh3 dxe4 29. Bc4 Nd5 30. Nd1 Bh5 31. Nf2 Bf3 32. g3 hxg3 33. Rxg3 Qh6 34. Rh3 Qxe3 35. Qxe3 Nxe3 36. Nxe4 Bxe4 37. Rxe3 Bxc2 38. Rf2 Bg6 39. Rxe5 c5 40. h4 Kf8 41. h5 Bh7 42. Re6 Ra7 43. h6 gxh6 44. Rxh6 Kg7 45. Rd6 Be4 46. Re2 Re8 47. Bd3 Rae7 1/2-1/2

[Event "Bundesliga 2324"]
[Site "Germany"]
[Date "2024.01.13"]
[Round "5.7"]
[White "Zysk, Robert"]
[Black "Naiditsch, Arkadij"]
[Result "0-1"]
[WhiteElo "2388"]
[BlackElo "2653"]
[PlyCount "132"]
[EventDate "2023.10.21"]
[EventType "team-tourn"]
[EventRounds "15"]
[EventCountry "GER"]
[SourceTitle "CBM 218 Extra"]
[Source "ChessBase"]
[SourceDate "2024.03.31"]
[SourceVersion "1"]
[SourceVersionDate "2024.03.31"]
[SourceQuality "1"]
[WhiteTeam "Muenchen Zugzwang"]
[BlackTeam "Baden-Baden"]
[WhiteTeamCountry "GER"]
[BlackTeamCountry "GER"]

1. Nf3 Nf6 2. d4 g6 3. Nc3 d5 4. Bf4 Bg7 5. e3 0-0 6. Be2 Nh5 7. Be5 f6 8. Bg3 Nxg3 9. hxg3 c6 10. e4 e6 11. Qd2 Nd7 12. 0-0-0 Rf7 13. Bd3 b5 14. Qf4 Nf8 15. Qe3 a5 16. e5 fxe5 17. Nxe5 Bxe5 18. dxe5 a4 19. Ne2 b4 20. f4 Qe7 21. Nd4 c5 22. Nb5 b3 23. axb3 axb3 24. cxb3 c4 25. bxc4 Qb4 26. Qd4 Rb7 27. Qc3 Qc5 28. Bb1 dxc4 29. Nd4 Ra1 30. Nc2 Rb3 31. Qd4 Qxd4 32. Rxd4 c3 33. Rb4 cxb2+ 34. Kd2 Rxg3 35. Ne3 Ba6 36. Rxb2 Ra4 37. Re1 Rxf4 38. Rb6 Rf2+ 39. Kc3 Be2 40. Kd4 Bg4 41. Rb8 Bf5 42. Bxf5 gxf5 43. Kc5 Rd2 44. Nc4 Rd5+ 45. Kb4 Kg7 46. Ra1 Nd7 47. Ra7 Kh6 48. Rb5 Rb3+ 49. Kxb3 Rxb5+ 50. Kc3 Nxe5 51. Ra6 Nxc4 52. Rxe6+ Kg5 53. Kxc4 Rb2 54. Re7 Kf4 55. Rg7 h5 56. g3+ Ke4 57. Rg5 Rc2+ 58. Kb3 Rh2 59. Kc3 h4 60. gxh4 f4 61. h5 f3 62. Rg8 f2 63. Re8+ Kf3 64. Rf8+ Kg2 65. Rg8+ Kh1 66. Rf8 Kg1 0-1

[Event "ESP-chT CECLUB Honor"]
[Site "Linares"]
[Date "2023.09.20"]
[Round "5.1"]
[White "Santos Latasa, Jaime"]
[Black "Naiditsch, Arkadij"]
[Result "1-0"]
[WhiteElo "2647"]
[BlackElo "2651"]
[PlyCount "100"]
[EventDate "2023.09.16"]
[EventType "team-tourn"]
[EventRounds "7"]
[EventCountry "ESP"]
[SourceTitle "CBM 216 Extra"]
[Source "ChessBase"]
[SourceDate "2023.11.30"]
[SourceVersion "1"]
[SourceVersionDate "2023.11.30"]
[SourceQuality "1"]
[WhiteTeam "Extremadura Magic"]
[BlackTeam "Taldea Gros Xake"]
[WhiteTeamCountry "ESP"]
[BlackTeamCountry "ESP"]

1. e4 e5 2. Nf3 Nc6 3. Bc4 Nf6 4. d3 Be7 5. 0-0 0-0 6. Nc3 d6 7. a4 Be6 8. Nd5 Bxd5 9. exd5 Nb4 10. d4 Nbxd5 11. dxe5 dxe5 12. Nxe5 c6 13. a5 Qc7 14. Ng4 Rad8 15. Nxf6+ Bxf6 16. Qf3 Qe7 17. Bb3 Bg5 18. Bxg5 Qxg5 19. Rfe1 a6 20. g3 Rd6 21. h4 Qd8 22. Bc4 Re8 23. Rad1 Rxe1+ 24. Rxe1 g6 25. Qa3 Kg7 26. Qc5 Rd7 27. c3 h5 28. Rd1 Nf6 29. Rxd7 Qxd7 30. Qe5 Qe8 31. Qxe8 Nxe8 32. Kg2 Nd6 33. Bf1 Kf6 34. Kf3 Ke5 35. Ke3 Nf5+ 36. Kd3 Nd6 37. b4 Nc8 38. Kc4 Kd6 39. Kd4 Ne7 40. Bc4 Nf5+ 41. Ke4 Ke7 42. Be2 Nd6+ 43. Kd4 Nb5+ 44. Bxb5 cxb5 45. Kc5 Kd7 46. Kb6 Kc8 47. f3 f5 48. Kc5 Kd7 49. Kd5 Ke7 50. Ke5 Kf7 1-0

[Event "ESP-chT CECLUB Honor"]
[Site "Linares"]
[Date "2023.09.19"]
[Round "4.4"]
[White "Naiditsch, Arkadij"]
[Black "Shevchenko, Kirill"]
[Result "1/2-1/2"]
[WhiteElo "2651"]
[BlackElo "2677"]
[PlyCount "64"]
[EventDate "2023.09.16"]
[EventType "team-tourn"]
[EventRounds "7"]
[EventCountry "ESP"]
[SourceTitle "CBM 216 Extra"]
[Source "ChessBase"]
[SourceDate "2023.11.30"]
[SourceVersion "1"]
[SourceVersionDate "2023.11.30"]
[SourceQuality "1"]
[WhiteTeam "Taldea Gros Xake"]
[BlackTeam "Jaime Casas"]
[WhiteTeamCountry "ESP"]
[BlackTeamCountry "ESP"]

1. e4 e5 2. Nf3 Nc6 3. Nc3 Nf6 4. Bb5 Nd4 5. Nxd4 exd4 6. Nd5 Nxd5 7. exd5 a6 8. Be2 Be7 9. 0-0 0-0 10. a4 Re8 11. a5 Bb4 12. Ra4 Qe7 13. Bd3 Bc5 14. b4 Bd6 15. Bb2 Qe5 16. f4 Qxd5 17. c4 dxc3 18. dxc3 Qc6 19. c4 b5 20. Bxh7+ Kxh7 21. Qh5+ Kg8 22. Bxg7 Kxg7 23. Qg5+ Kf8 24. Qh6+ Ke7 25. Qh4+ f6 26. Re1+ Kd8 27. Rxe8+ Kxe8 28. Qh5+ Ke7 29. Qh7+ Ke6 30. Qh3+ Ke7 31. Qh7+ Ke6 32. Qh3+ Ke7 1/2-1/2

[Event "World-chT Rapid"]
[Site "Duesseldorf"]
[Date "2023.08.26"]
[Round "3.3"]
[White "Gumularz, Szymon"]
[Black "Naiditsch, Arkadij"]
[Result "1-0"]
[WhiteElo "2588"]
[BlackElo "2651"]
[PlyCount "85"]
[EventDate "2023.08.26"]
[EventType "team-swiss (rapid)"]
[EventRounds "12"]
[EventCountry "GER"]
[SourceTitle "CBM 215 Extra"]
[Source "ChessBase"]
[SourceDate "2023.09.30"]
[SourceVersion "1"]
[SourceVersionDate "2023.09.30"]
[SourceQuality "1"]
[WhiteTeam "Krakow Columbus Energy"]
[BlackTeam "Linz AlphaEchecs"]
[WhiteTeamCountry "POL"]
[BlackTeamCountry "AUT"]

1. e4 e5 2. Nf3 Nc6 3. Bb5 Nf6 4. d3 d6 5. 0-0 Be7 6. c3 0-0 7. h3 Bd7 8. Re1 Re8 9. Nbd2 Bf8 10. Nf1 h6 11. Ng3 Ne7 12. Bc4 b5 13. Bb3 c5 14. d4 Ng6 15. Bc2 Qc7 16. Be3 Rad8 17. d5 Rb8 18. b4 Rec8 19. bxc5 dxc5 20. a4 a6 21. axb5 axb5 22. c4 bxc4 23. Nd2 Rb4 24. Nb1 Nf4 25. Nc3 Bd6 26. Nf1 Rcb8 27. Nd2 Nd3 28. Rf1 Ne8 29. Na2 Nb2 30. Qe2 R4b7 31. Nc3 Rb4 32. Ra6 Be7 33. f4 Nd3 34. Bxd3 cxd3 35. Qxd3 c4 36. Qe2 Bf6 37. Qf2 Rb2 38. Ra7 Qd6 39. Bc5 Rxd2 40. Bxd6 Rxf2 41. Bxb8 Rxf1+ 42. Kxf1 exf4 43. e5 1-0

[Event "FRA-chT Top 16 Gp Haute"]
[Site "Chartres"]
[Date "2023.06.08"]
[Round "1.1"]
[White "Naiditsch, Arkadij"]
[Black "Tregubov, Pavel V"]
[Result "0-1"]
[WhiteElo "2669"]
[BlackElo "2553"]
[PlyCount "64"]
[EventDate "2023.06.08"]
[EventType "team-tourn"]
[EventRounds "4"]
[EventCountry "FRA"]
[SourceTitle "CBM 214 Extra"]
[Source "ChessBase"]
[SourceDate "2023.07.31"]
[SourceVersion "1"]
[SourceVersionDate "2023.07.31"]
[SourceQuality "1"]
[WhiteTeam "Bischwiller"]
[BlackTeam "Clichy Echecs 92"]
[WhiteTeamCountry "FRA"]
[BlackTeamCountry "FRA"]

1. e4 e5 2. Nf3 Nf6 3. d4 Nxe4 4. Bd3 d5 5. Nxe5 Nd7 6. Nc3 Nxe5 7. dxe5 Nxc3 8. bxc3 Bc5 9. 0-0 0-0 10. Rb1 Qh4 11. Qf3 c6 12. g3 Qh3 13. Be3 b6 14. Bxc5 bxc5 15. Qe3 c4 16. Be2 Qf5 17. Bd1 f6 18. exf6 Qxf6 19. g4 h5 20. gxh5 Bf5 21. Qg3 Rf7 22. h3 Kh7 23. Kh2 Raf8 24. Rc1 Qh6 25. Qe3 Be4 26. Qxh6+ Kxh6 27. Bg4 Rxf2+ 28. Rxf2 Rxf2+ 29. Kg3 Rd2 30. Bd7 c5 31. Be6 Kg5 32. h4+ Kf6 0-1

[Event "HUN-chT 2223"]
[Site "Hungary"]
[Date "2023.04.23"]
[Round "9.1"]
[White "Pacher, Milan"]
[Black "Naiditsch, Arkadij"]
[Result "1-0"]
[WhiteElo "2460"]
[BlackElo "2667"]
[PlyCount "131"]
[EventDate "2022.11.20"]
[EventType "team-tourn"]
[EventRounds "9"]
[EventCountry "HUN"]
[SourceTitle "EXT 2024"]
[Source "ChessBase"]
[SourceDate "2023.10.10"]
[SourceVersion "1"]
[SourceVersionDate "2023.10.10"]
[SourceQuality "1"]
[WhiteTeam "Biatorbagy"]
[BlackTeam "Aquaprofit"]
[WhiteTeamCountry "HUN"]
[BlackTeamCountry "HUN"]

1. e4 c5 2. Nf3 Nc6 3. d4 cxd4 4. Nxd4 e6 5. Bf4 d6 6. Nxc6 bxc6 7. Bd3 Ne7 8. c4 Ng6 9. Be3 Be7 10. Nc3 Bg5 11. Qd2 Bxe3 12. Qxe3 Ba6 13. 0-0 Ne5 14. b3 Nxd3 15. Qxd3 0-0 16. Rfd1 Qa5 17. Qe3 Rfd8 18. Rd2 Rac8 19. Rad1 d5 20. Qxa7 c5 21. Na4 d4 22. Qb6 Qxb6 23. Nxb6 Rc7 24. f3 g5 25. Na4 Ra8 26. Nb2 e5 27. Nd3 f6 28. h4 h6 29. g4 gxh4 30. Kf2 Bc8 31. Rh1 h5 32. Rxh4 hxg4 33. fxg4 Rca7 34. a4 Rb8 35. Rb2 Rc7 36. Kf3 Be6 37. Rh6 Rg7 38. Rxf6 Bxg4+ 39. Kf2 Bh3 40. Rf3 Rg2+ 41. Ke1 Rg1+ 42. Kd2 Bg4 43. Rf2 Kg7 44. Nxe5 Be6 45. Nd3 Bf7 46. Nxc5 Bxc4 47. b4 Rf8 48. Rxf8 Rg2+ 49. Ke1 Rxb2 50. Rd8 Rxb4 51. Rxd4 Rb1+ 52. Kd2 Bf7 53. Kc3 Kf6 54. Rb4 Rc1+ 55. Kd4 Rd1+ 56. Nd3 Ra1 57. Rb6+ Kg5 58. Nc5 Be8 59. Ke5 Rc1 60. Ne6+ Kg4 61. a5 Ra1 62. a6 Ra5+ 63. Kd6 Bb5 64. Nc7 Bd3 65. e5 Ra1 66. e6 1-0

[Event "Bundesliga 2223"]
[Site "Germany"]
[Date "2023.04.02"]
[Round "13.2"]
[White "Loxine, Jakov"]
[Black "Naiditsch, Arkadij"]
[Result "0-1"]
[WhiteElo "2391"]
[BlackElo "2667"]
[PlyCount "46"]
[EventDate "2022.10.21"]
[EventType "team-tourn"]
[EventRounds "15"]
[EventCountry "GER"]
[SourceTitle "CBM 213 Extra"]
[Source "ChessBase"]
[SourceDate "2023.05.31"]
[SourceVersion "1"]
[SourceVersionDate "2023.05.31"]
[SourceQuality "1"]
[WhiteTeam "Dresden TU"]
[BlackTeam "Baden-Baden"]
[WhiteTeamCountry "GER"]
[BlackTeamCountry "GER"]

1. Nf3 d5 2. g3 g6 3. Bg2 Bg7 4. d4 Nf6 5. c4 dxc4 6. Na3 c3 7. bxc3 0-0 8. 0-0 c5 9. Nc4 Nc6 10. Nce5 Nxe5 11. Nxe5 Nd5 12. Qb3 Be6 13. Qxb7 Nxc3 14. Nc6 Nxe2+ 15. Kh1 Qb6 16. Qxe7 Nxd4 17. Nxd4 Rae8 18. Qb7 Qxb7 19. Bxb7 Bxd4 20. Bh6 Bxa1 21. Rxa1 Rb8 22. Bxf8 Kxf8 23. Bf3 Rb2 0-1

[Event "AUT-chT 2223"]
[Site "Austria"]
[Date "2023.03.26"]
[Round "8.4"]
[White "Naiditsch, Arkadij"]
[Black "Sadilek, Maximilian"]
[Result "1-0"]
[WhiteElo "2667"]
[BlackElo "2246"]
[PlyCount "45"]
[EventDate "2022.11.03"]
[EventType "team-tourn"]
[EventRounds "11"]
[EventCountry "AUT"]
[SourceTitle "CBM 213 Extra"]
[Source "ChessBase"]
[SourceDate "2023.05.31"]
[SourceVersion "1"]
[SourceVersionDate "2023.05.31"]
[SourceQuality "1"]
[WhiteTeam "Linz"]
[BlackTeam "Tschaturanga"]
[WhiteTeamCountry "AUT"]
[BlackTeamCountry "AUT"]

1. e4 e5 2. Nf3 Nc6 3. Nc3 Nf6 4. Bb5 Bc5 5. 0-0 0-0 6. Nxe5 Nxe5 7. d4 Bd6 8. f4 Ng6 9. e5 c6 10. Bd3 Bc7 11. exf6 Qxf6 12. Ne2 d5 13. f5 Ne7 14. Bf4 Bxf4 15. Rxf4 c5 16. dxc5 Qxb2 17. Nd4 Qc3 18. Rb1 Qxc5 19. f6 Ng6 20. Qh5 Re8 21. Rh4 h6 22. Bxg6 fxg6 23. Qxg6 1-0

[Event "AUT-chT 2223"]
[Site "Austria"]
[Date "2023.03.25"]
[Round "7.4"]
[White "Naiditsch, Arkadij"]
[Black "Kruckenhauser, Arthur"]
[Result "1-0"]
[WhiteElo "2667"]
[BlackElo "2343"]
[PlyCount "161"]
[EventDate "2022.11.03"]
[EventType "team-tourn"]
[EventRounds "11"]
[EventCountry "AUT"]
[SourceTitle "CBM 213 Extra"]
[Source "ChessBase"]
[SourceDate "2023.05.31"]
[SourceVersion "1"]
[SourceVersionDate "2023.05.31"]
[SourceQuality "1"]
[WhiteTeam "Linz"]
[BlackTeam "Schach ohne Grenzen"]
[WhiteTeamCountry "AUT"]
[BlackTeamCountry "AUT"]

1. Nf3 c5 2. e4 d6 3. d4 cxd4 4. Nxd4 Nf6 5. Nc3 g6 6. g3 Nc6 7. Nb3 Bg7 8. Bg2 0-0 9. 0-0 Bg4 10. f3 Be6 11. f4 Qc8 12. Re1 Bg4 13. Qd2 Bh3 14. Nd5 Bxg2 15. Kxg2 Rd8 16. c3 e6 17. Nxf6+ Bxf6 18. Qd3 e5 19. Rf1 Ne7 20. fxe5 dxe5 21. Qf3 Rd6 22. Be3 b6 23. Rf2 Qc6 24. Bh6 Kh8 25. Re1 Ng8 26. Bc1 Rad8 27. Qe2 Qa4 28. Nd2 Qxa2 29. Nc4 R6d7 30. Qf1 Bg7 31. Rxf7 Rxf7 32. Qxf7 Rf8 33. Qd5 Nf6 34. Qd3 Ng4 35. h3 b5 36. hxg4 Qxc4 37. Qxc4 bxc4 38. Rd1 Kg8 39. Rd5 Rc8 40. Rd7 a6 41. Kf3 Rc6 42. Ke2 Bf8 43. Be3 h5 44. g5 Bd6 45. Kd2 Kf8 46. Kc2 Ke8 47. Ra7 Bc7 48. Ra8+ Kd7 49. Rg8 Ke7 50. Kb1 Kd7 51. Rf8 Bd8 52. Kc2 Rd6 53. Rf7+ Kc6 54. Rg7 a5 55. Rg8 Kd7 56. Bc1 Bb6 57. Rf8 Bd8 58. Rf3 a4 59. Rf7+ Kc6 60. Ra7 Rd3 61. Rg7 Rd6 62. Be3 Bc7 63. Kb1 Rd1+ 64. Ka2 Rd6 65. Ka3 Rd3 66. Bc5 Rxg3 67. Be7 h4 68. Kxa4 h3 69. Rxg6+ Kd7 70. Bf6 h2 71. Rh6 Rg2 72. Kb5 Rxb2+ 73. Kxc4 Bd6 74. g6 Ke6 75. g7 Kf7 76. Rh8 Rg2 77. Kd5 Kxf6 78. Rxh2 Rxg7 79. Kxd6 Rg3 80. Rf2+ Kg7 81. c4 1-0